01471 a2200157 45000010006000000050017000060080041000230030015000640400040000790800166001192450075002852640126003603000019004865050789005051000019012945931120260407155847.0260407a1966 arg spa dAR-UNSa-BCEJYS aAR-UNSa-BCEJYSbspacAR-UNSa-BCEJYS a338(4)xSituación económica de Europa. Política económica. Gestión de la economía. Planificación de la economía. Producción. Servicios. Precios10aPartidos políticos y grupos de presión en la integración europea 1aBuenos Aires :bBID/INTAL (Banco Interamericano de Desarrollo. Instituto para la integración de América Latina)c1966 a641 p.c23 cm. aPrimer Parte: Integración: ideología e instituciones: 1. Comunidad e integración 2. La naturaleza de la supranacionalidad – 3. El mercado común en funcionamiento – Segunda Parte: Procesos de integración al nivel nacional: 4. Los partidos políticos: 1952 y 1957 – 5. Las asociaciones empresarias: 1952 y 1957 – 6. Los sindicatos: 1952 y 1957 – 7. La conducta de los gobiernos miembros - Tercera Parte: Procesos de integración al nivel supranacional: 8. La lógica expansiva de la integración por sectores – 9. Asociaciones empresarias supranacionales – 10. Sindicatos supranacionales – 11. Partidos políticos supranacionales – 12. ¿Es la Alta Autoridad ejecutivo federal independiente? – 13. Nuevas formas de cooperación intergubernamental - 1 aHaas, Ernst B.